000
00268nam a2200097Ia 4500
001
1175747
005
20250827012656.0
008
250824s9999 xx 000 0 und d
245
0
_a
SEN YOLA ÇIK YOL SANA GÖRÜNÜR F1 30
_c
HAKAN MENGÜÇ
260
_b
DESTEK YAYINLARI
999
_c
1175747
_d
1175747